000
00374nam a22001577a 4500
003
MPLRDC
005
20220104123725.0
008
210129b ||||| |||| 00| 0 eng d
082
_a
177 MAR
100
_a
ORISON SWETT MARDEN 著; 林文毅译
245
_a
人性的奥妙
_c
260
_a
_b
昆仑出版公司
_c
300
_b
平
650
_a
942
_c
BK
_o
177 MAR
999
_c
13690
_d
13680